| 000 | 00492nam a2200157 i 4500 | ||
|---|---|---|---|
| 001 | 83474 | ||
| 003 | ES-MaACL | ||
| 005 | 20230906174832.0 | ||
| 007 | t| | ||
| 008 | 041117s1946 xxk ||||1| eng d | ||
| 245 | 0 | 0 |
_aJackson and Gasset's investigation of title / _cby Edmond H. Bodkin ... [et al.]. |
| 260 |
_aLondon : _bStevens and Sons, _c1946 ( _fThe Whitefriars Press) |
||
| 300 |
_aLXXII, 455 p. ; _c25 cm. |
||
| 700 | 1 |
_aBodkin, Edmond H. _929711 |
|
| 852 |
_aES-MaACL _jC-4300 _bR.24135 |
||
| 999 |
_c83474 _d83474 |
||